Fruit and Vegetable Grading (Record no. 14736)
[ view plain ]
| 000 -LEADER | |
|---|---|
| fixed length control field | 00302nam a22001337a 4500 |
| 020 ## - INTERNATIONAL STANDARD BOOK NUMBER | |
| ISBN | 9780756690564 |
| 082 ## - DEWEY DECIMAL CLASSIFICATION NUMBER | |
| Classification number | 635. |
| Item number | POL/FR |
| 245 ## - TITLE STATEMENT | |
| Title | Fruit and Vegetable Grading |
| 250 ## - EDITION STATEMENT | |
| Edition statement | 1 |
| 260 ## - PUBLICATION, DISTRIBUTION, ETC. (IMPRINT) | |
| Place of publication | New York |
| Name of publisher | D K Publishing |
| Year of publication | 2012 |
| 300 ## - PHYSICAL DESCRIPTION | |
| Number of Pages | 272 |
| 700 ## - ADDED ENTRY--PERSONAL NAME | |
| Personal name | Pollock,Michael |
| 942 ## - ADDED ENTRY ELEMENTS (KOHA) | |
| Koha item type | Book Bank scheme for SC students |
| Withdrawn status | Lost status | Damaged status | Collection code | Home library | Current library | Shelving location | Date acquired | Source of acquisition | Cost, normal purchase price | Full call number | Accession Number | Koha item type |
|---|---|---|---|---|---|---|---|---|---|---|---|---|
| KAUAET | KAUAET | Scheme | 26/08/2016 | Dream Tech Publishers & Book Sellers, Trivandrum. | 1630.00 | 635. POL/FR | BB 345 | Book Bank scheme for SC students |
